Comprehensive dictionary of electrical engineering (Record no. 7893)

000 -LEADER
fixed length control field 00614 a2200181 4500
020 ## - INTERNATIONAL STANDARD BOOK NUMBER
International Standard Book Number 0849330866
040 ## - CATALOGING SOURCE
Original cataloging agency DLC
Language of cataloging DLC
082 00 - DEWEY DECIMAL CLASSIFICATION NUMBER
Classification number 621.3/03
245 00 - TITLE STATEMENT
Title Comprehensive dictionary of electrical engineering
Statement of responsibility, etc. editor-in-chief Phillip A. Laplante
246 30 - VARYING FORM OF TITLE
Title proper/short title Electrical engineering
250 ## - EDITION STATEMENT
Edition statement 2nd ed.
260 ## - PUBLICATION, DISTRIBUTION, ETC.
Place of publication, distribution, etc. Boca Raton, FL :
Name of publisher, distributor, etc. Taylor & Francis, c2005.
300 ## - PHYSICAL DESCRIPTION
Extent 758 p. :
Other physical details ill. ;
Dimensions 26 cm.
650 #0 - SUBJECT ADDED ENTRY--TOPICAL TERM
Topical term or geographic name entry element Electrical engineering
700 1# - ADDED ENTRY--PERSONAL NAME
Personal name Laplante, Phillip A.
856 42 - ELECTRONIC LOCATION AND ACCESS
Materials specified Publisher description
Uniform Resource Identifier <a href="http://www.loc.gov/catdir/enhancements/fy0647/2004058572-d.html">http://www.loc.gov/catdir/enhancements/fy0647/2004058572-d.html</a>
942 ## - ADDED ENTRY ELEMENTS (KOHA)
Koha item type Book
Call number prefix 621.303 LAP
Source of classification or shelving scheme
Holdings
Withdrawn status Lost status Damaged status Not for loan Collection code Permanent Location Current Location Shelving location Date acquired Source of acquisition Cost, normal purchase price Full call number Barcode Date last seen Price effective from Koha item type
          Central Library (CL) Central Library (CL) General Stacks 02/21/2006 Allied Book Company 4467.56 621.303 LAP SEECS006996 02/02/2023 01/05/2017 Reference
© 2023 Central Library, National University of Sciences and Technology. All Rights Reserved.